书目信息 |
| 题名: |
图书馆管理与阅读服务研究
|
|
| 作者: | 穆桂苹 , 王鸿博 , 崔佳音 著 | |
| 分册: | ||
| 出版信息: | 沈阳 辽海出版社 2020 |
|
| 页数: | 231页 | |
| 开本: | 24cm | |
| 丛书名: | ||
| 单 册: | ||
| 中图分类: | G251 , G252 | |
| 科图分类: | ||
| 主题词: | 图书馆管理--tu shu guan guan li--研究 , 图书馆服务--tu shu guan fu wu--研究 | |
| 电子资源: | ||
| ISBN: | 978-7-5451-5087-2 | |
| 000 | 01096nam0 2200277 450 | |
| 001 | 2161467418 | |
| 005 | 20210930094245.0 | |
| 010 | @a978-7-5451-5087-2@dCNY60.00 | |
| 100 | @a20200408d2020 em y0chiy50 ea | |
| 101 | 0 | @achi |
| 102 | @aCN@b210000 | |
| 105 | @ay z 000yy | |
| 106 | @ar | |
| 200 | 1 | @a图书馆管理与阅读服务研究@Atu shu guan guan li yu yue du fu wu yan jiu@f穆桂苹,王鸿博,崔佳音著 |
| 210 | @a沈阳@c辽海出版社@d2020 | |
| 215 | @a231页@d24cm | |
| 330 | @a本书主要介绍了我国图书馆内外部用户的满意镜像研究,对图书馆信息管理进行了深入的讨论与研究,介绍了图书馆移动服务模式以及图书馆用户需求生态服务系统,着重介绍了公共图书馆与高校图书馆阅读服务研究,对数字图书馆信息管理系统的设计与实现做了相关的介绍,给读者在图书馆管理与阅读服务方面提供借鉴。 | |
| 606 | 0 | @a图书馆管理@Atu shu guan guan li@x研究 |
| 606 | 0 | @a图书馆服务@Atu shu guan fu wu@x研究 |
| 690 | @aG251@v5 | |
| 690 | @aG252@v5 | |
| 701 | 0 | @a穆桂苹@Amu gui pin@4著 |
| 701 | 0 | @a王鸿博@Awang hong bo@4著 |
| 701 | 0 | @a崔佳音@Acui jia yin@4著 |
| 801 | 0 | @aCN@b百万庄@c20210929 |
| 905 | @b1302934-37@dG251@e42@f4 | |
| 图书馆管理与阅读服务研究/穆桂苹,王鸿博,崔佳音著.-沈阳:辽海出版社,2020 |
| 231页;24cm |
| ISBN 978-7-5451-5087-2:CNY60.00 |
| 本书主要介绍了我国图书馆内外部用户的满意镜像研究,对图书馆信息管理进行了深入的讨论与研究,介绍了图书馆移动服务模式以及图书馆用户需求生态服务系统,着重介绍了公共图书馆与高校图书馆阅读服务研究,对数字图书馆信息管理系统的设计与实现做了相关的介绍,给读者在图书馆管理与阅读服务方面提供借鉴。 |
| ● |
| 相关链接 |
|
|
|
|
正题名:图书馆管理与阅读服务研究
索取号:G251/42
 
预约/预借
| 序号 | 登录号 | 条形码 | 馆藏地/架位号 | 状态 | 备注 |
| 1 | 1302934 | 213029346 | 第一样本阅览室/ [索取号:G251/42] | 在馆 | |
| 2 | 1302935 | 213029355 | 第四借阅区/ [索取号:G251/42] | 在馆 | |
| 3 | 1302936 | 213029364 | 第四借阅区/ [索取号:G251/42] | 在馆 | |
| 4 | 1302937 | 213029373 | 第四借阅区/ [索取号:G251/42] | 在馆 |